Football : Les pays ayant eu un seul joueur en première league - Statistiques

Statistiques générales
  • Ce quiz a été pris 107 fois
  • Le résultat moyen est 6 sur 18
Statistiques - réponses
Joueur Pays % Correct
Henrikh Mkhitaryan Arménie
97%
Abdukodir Khusanov Ouzbékistan
67%
Mahmoud Dahoud Syrie
52%
Ali Al-Hamadi Irak
48%
Victor Wanyama Kenya
47%
Zesh Rahman Pakistan
35%
Junior Firpo République Dominicaine
30%
Ali Al-Habsi Oman
29%
Mbawana Samatta Tanzanie
26%
Hamza Choudhury Bangladesh
25%
Jordi Amat Indonésie
24%
Onel Hernandez Cuba
20%
Nathaniel Mendez-Laing Guatemala
18%
Ryan Donk Suriname
17%
Neil Etheridge Philippines
14%
Frédéric Nimani République Centrafricaine
13%
Danny Highinbotham Gibraltar
12%
Gunnar Nielsen Iles Féroé
12%
Aucun quiz correspondant
Distribution des résultats
% des personnes avec chaque résultat
Percentile par nombre de réponses
Votre historique - résultats
Vous n’avez pas pris ce quiz